000 01610 a2200253 4500
001 12529
005 20260407155440.0
008 260407a1993 arg spa d
003 AR-UNSa-BCEJYS
040 _aAR-UNSa-BCEJYS
_bspa
_cAR-UNSa-BCEJYS
080 _a519.87
_xModelos matemáticos para la investigación operativa
245 1 0 _aIntroducción a los modelos cuantitativos para administración
020 _a970-625-005-0
264 1 _aMéxico :
_bGrupo Editorial Iberoamérica
_c1993
300 _axx, 910 p.
_c24 cm
505 _a1. Introducción - 2. Programación lineal: El método gráfico - 3. Programación lineal: Análisis de sensibilidad y solución en computadora - 4. Aplicaciones de la programación lineal - 5. Programación lineal el método simplex - 6. Análisis de sensibilidad basado en el simplex y dualidad - 7. Problemas de transpote, asignación y transborda - 8. Programación lineal en enteros - 9. Modelos de redes - 10. Administración de proyectos PERT/CPM - 11. Modelos de inventarios - 12. Modelos de líneas de espera - 13. Simulación en computadora - 14. Análisis de decisiones - 15. Problemas de decisión de criterios múltiples - 16. Pronósticos - 17. Procesos de Markov - 18. Programación dinámica - 19. Procedimientos de solución basados en cálculo
942 _cBK
590 _aniveau_biblio:m niveau_hierar:0
100 1 _aAnderson, David R.
700 1 _aSweeney, Dannis J.
700 1 _aDíaz Mata, Alfredo
700 1 _aWilliams, Thomas A.
856 4 1 _uhttps://www.biblioeco.unsa.edu.ar/pmb/images/libros/12529.jpg
_yImagen de portada
_qimage/jpeg
999 _c497
_d497